00385nam a2200145Ia 4500003000400000005001700004008004100021040001800062041000800080100004200088110002300130245003800153260002000191710002800211OSt20260311090600.0211028s2013 xx 000 0 und d cAIMIT LIBRARY aeng aJeevan, K M; Prabhu, Aravind.g101713 aAnnapoorna Shetty. aFinance management system (FMS) / aBangalorec2013 aCode Craft Technologies